000 00999nam a2200253Ia 4500
999 _c55772
_d55772
001 22869
003 GE_BSU
005 20230529112547.0
008 181216s ||||ge |||||||||||||| ||geo||
020 _a9789941954184
040 _cGE_BSU
041 _ageo
080 _a634.8 მ-70
100 _aმირველაშვილი, მ.
_918250
245 _aვაზის კულტურა საქართველოში /
_cმ. მირველაშვილი, დ. მაღრაძე ; რედ. ლ. ბერიაშვილი.
264 _aთბილისი :
_b[?],
_c2017.
300 _a216 გვ. ;
_c24 სმ.
541 _h2 ლ.
653 _aვაზის კულტურა საქართველოში
653 _aმევენახეობა
700 _aმაღრაძე, დ.
_eავტორი
_918251
700 _aბერიაშვილი, ლ.
_eრედაქტორი
_918252
942 _cBK
_2udc